书目信息 |
| 题名: |
国际工人运动知识手册
|
|
| 作者: | ;中国工运研究所国际工运研究室《国际工人运动知识手册》编委会 编 | |
| 分册: | ||
| 出版信息: | 北京 工人出版社 1987.03 |
|
| 页数: | 922页 | |
| 开本: | 19cm | |
| 丛书名: | ||
| 单 册: | ||
| 中图分类: | D411-62 | |
| 科图分类: | ||
| 主题词: | 工人运动--世界 , 工人群众组织--世界 | |
| 电子资源: | ||
| ISBN: | ||
| 000 | 00800nam0 2200217 45 | |
| 001 | 0503280984 | |
| 005 | 20050328095558.6 | |
| 010 | @dCNY5.05 | |
| 091 | @a11007.35 | |
| 100 | @a20050328d1987 km y0chiy0120 ea | |
| 101 | 0 | @achi |
| 105 | @a z 000yy | |
| 200 | 1 | @a国际工人运动知识手册@AGuo Ji Gong Ren Yun Dong Zhi Shi Shou Ce@f中国工运研究所国际工运研究室《国际工人运动知识手册》编委会编@FZhong Guo Gong Yun Yan Jiu Suo Guo Ji Gong Yun Yan Jiu Shi《Guo Ji Gong Ren Yun Dong Zhi Shi Shou Ce》Bian Wei Hui Bian |
| 210 | @a北京@c工人出版社@d1987.03 | |
| 215 | @a922页@d19cm | |
| 606 | 0 | @a工人运动@x世界 |
| 606 | 0 | @a工人群众组织@x世界 |
| 690 | @aD411-62@v3 | |
| 711 | 02 | @a中国工运研究所国际工运研究室《国际工人运动知识手册》编委会@4编 |
| 801 | @aCN@bPftUser@c20050328 | |
| 905 | @dD411-62@e10 | |
| 国际工人运动知识手册/中国工运研究所国际工运研究室《国际工人运动知识手册》编委会编.-北京:工人出版社,1987.03 |
| 922页;19cm |
| ISBN :CNY5.05 |
| ● |
| 相关链接 |
|
|
|
|
正题名:国际工人运动知识手册
索取号:D411-62/10
 
预约/预借
| 序号 | 登录号 | 条形码 | 馆藏地/架位号 | 状态 | 备注 |
| 1 | 0204429 | 001692136 | 密集书库/ [索取号:D411-62/10] | 在馆 | |
| 2 | 0204430 | 002031349 | 第一借阅区/ [索取号:D411-62/10] | 在馆 | |
| 3 | 0204431 | 001692065 | 密集书库/ [索取号:D411-62/10] | 在馆 |